[Event "Irish Championship 2021"]
[Site "Dublin IRL"]
[Date "2021.08.01"]
[Round "2.17"]
[White "Duffy, Seamus"]
[Black "Murray, Sam"]
[Result "1/2-1/2"]
[WhiteElo "1945"]
[BlackElo "1621"]
[WhiteICU "1872"]
[BlackICU "1608"]
[WhiteClub "Dun Laoghaire"]
[BlackClub "Gonzaga"]
[WhiteNationality "IRL"]
[BlackNationality "IRL"]
[WhiteFideId "2501708"]
[BlackFideId "2508958"]
[PlyCount "75"]
[Venue "Colaiste Eanna"]
[EventDate "2021.07.31"]
[Source "Live boards"]
[WhiteFullName "Duffy, S&eacute;amus"]

{ Event information: <a
href="https://www.irlchess.com/irlch2021_allfiles/pairings_irlch2021.html">Tournament
report</a>. }

1. b3 d5 2. Bb2 Bg4 3. h3 Bh5 4. g4 Bg6 5. Bg2 e6 6. d3 h5 7. Nf3 hxg4 8.
hxg4 Rxh1+ 9. Bxh1 Nh6 10. g5 Nf5 11. Qd2 Nc6 12. Nc3 Bb4 13. a3 Bxc3 14.
Bxc3 d4 15. Bb2 Qd6 16. O-O-O O-O-O 17. Bg2 Rh8 18. Rh1 Rxh1+ 19. Bxh1 Bh5
20. e3 dxe3 21. fxe3 Qg3 22. Qe1 Qd6 23. Nd2 Qc5 24. Nc4 Nd6 25. Bxc6 Nxc4
26. Bxb7+ Kxb7 27. bxc4 Qxg5 28. Qb4+ Kc8 29. Bd4 a5 30. Qf8+ Kd7 31. Qxg7
Qxg7 32. Bxg7 Kd6 33. d4 Be2 34. c5+ Kd5 35. Kd2 Bb5 36. Be5 c6 37. Bc7 a4
38. Bd8 1/2-1/2

[Event "Irish Championship 2021"]
[Site "Dublin IRL"]
[Date "2021.08.01"]
[Round "2.18"]
[White "Collins, Adam"]
[Black "Tirziman, Rudolf"]
[Result "0-1"]
[WhiteElo "1887"]
[BlackElo "1941"]
[WhiteICU "1966"]
[WhiteClub "Kilkenny"]
[BlackClub "Blanchardstown"]
[WhiteNationality "IRL"]
[BlackNationality "IRL"]
[WhiteFideId "2512300"]
[BlackFideId "2508664"]
[PlyCount "98"]
[Venue "Colaiste Eanna"]
[EventDate "2021.07.31"]
[Source "Live boards"]

{ Event information: <a
href="https://www.irlchess.com/irlch2021_allfiles/pairings_irlch2021.html">Tournament
report</a>. }

1. e4 e6 2. d4 d5 3. e5 c5 4. c3 Bd7 5. Nf3 Qb6 6. a4 Nc6 7. Bd3 cxd4 8.
O-O dxc3 9. Nxc3 a6 10. Qe2 Nge7 11. Re1 h6 12. Bd2 g6 13. h4 Bg7 14. Rac1
Nd4 15. Qe3 Nec6 16. Nxd4 Qxd4 17. Qxd4 Nxd4 18. Bf4 O-O 19. b4 Rfc8 20.
Bb1 Bf8 21. Rcd1 Bxb4 22. Bd2 Bxc3 23. Bxc3 Rxc3 24. Rxd4 Rc4 25. Rxc4 dxc4
26. Be4 Rb8 27. a5 b5 28. axb6 Rxb6 29. Rd1 Ba4 30. Rd8+ Kg7 31. Rc8 Bb3
32. Ra8 Rb5 33. f4 Ra5 34. Kf2 h5 35. Ke3 Ra1 36. Kd4 a5 37. Kc3 a4 38. Kb4
Rh1 39. Ra7 Rxh4 40. g3 Rh3 41. Bd5 c3 42. f5 gxf5 43. Bxb3 axb3 44. Kxb3
Rxg3 45. Ka2 Re3 46. Rd7 Rxe5 47. Rb7 Re2+ 48. Ka1 h4 49. Rb2 cxb2+ 0-1

[Event "Irish Championship 2021"]
[Site "Dublin IRL"]
[Date "2021.08.02"]
[Round "3.1"]
[White "Heidenfeld, Mark"]
[Black "Murphy, Conor E."]
[Result "1-0"]
[WhiteTitle "IM"]
[BlackTitle "FM"]
[WhiteElo "2360"]
[BlackElo "2394"]
[WhiteICU "2282"]
[BlackICU "2419"]
[BlackClub "Charlton ENG"]
[WhiteNationality "IRL"]
[BlackNationality "IRL"]
[WhiteFideId "2500990"]
[BlackFideId "421669"]
[PlyCount "91"]
[Venue "Colaiste Eanna"]
[EventDate "2021.07.31"]

{ Event information: <a
href="https://www.irlchess.com/irlch2021_allfiles/pairings_irlch2021.html">Tournament
report</a>. }

1. e4 e5 2. Nf3 Nc6 3. c3 Nf6 4. d4 Nxe4 5. d5 Bc5 6. dxc6 Bxf2+ 7. Ke2 Bb6
8. Qd5 Nf2 9. cxb7 Bxb7 10. Qxb7 Nxh1 ({ Though engines find Black has only
a slight advantage after ( } 10... Nxh1 { ) } 11. Na3 { , the position has
been much more difficult for White in practice. Big Database 2017 has four
games that reached this position; with White recording only &frac12; point
in total. }) 11. Bg5 f6 12. Be3 Rb8 13. Qa6 $2 (13. Qe4 $15 { was
essential. }) 13... O-O (13... Bxe3 14. Kxe3 e4 $1 $19) 14. Nbd2 d5 15. Nb3
f5 16. g3 f4 $6 (16... Bxe3 17. Kxe3 Rb6 $19) 17. gxf4 exf4 18. Bd4 Qe7+ $2
(18... c5 19. Be5 c4 $17) 19. Kd2 $15 Bxd4 20. Nfxd4 Rbe8 21. Qc6 Qe5 22.
Kc2 Nf2 23. Nd2 Rf6 24. Qd7 c5 25. Bb5 Rff8 26. N4f3 Qe6 27. Rg1 Qxd7 28.
Bxd7 Re3 29. Rg5 Ne4 30. Rxd5 Nxd2 31. Nxd2 f3 $2 (31... Re2 $14) 32. Bb5
$16 f2 33. Bc4 Kh8 34. Bf1 Re1 35. Rxc5 g6 36. Rd5 Ra1 37. Ra5 Re8 38. Rxa7
Ree1 39. Rf7 Rac1+ 40. Kd3 Rxf1 41. Nxf1 Rxf1 42. Ke3 Ra1 43. Rxf2 Rxa2 44.
c4 Kg7 45. c5 Ra4 46. Kd3 1-0

[Event "Irish Championship 2021"]
[Site "Dublin IRL"]
[Date "2021.08.02"]
[Round "3.2"]
[White "Fitzsimons, David"]
[Black "O'Gorman, Tom"]
[Result "1/2-1/2"]
[WhiteTitle "IM"]
[BlackTitle "FM"]
[WhiteElo "2324"]
[BlackElo "2368"]
[WhiteICU "2343"]
[BlackICU "2303"]
[WhiteClub "Elm Mount"]
[BlackClub "Dun Laoghaire"]
[WhiteNationality "IRL"]
[BlackNationality "IRL"]
[WhiteFideId "2501961"]
[BlackFideId "2508249"]
[PlyCount "170"]
[Venue "Colaiste Eanna"]
[EventDate "2021.07.31"]

{ Event information: <a
href="https://www.irlchess.com/irlch2021_allfiles/pairings_irlch2021.html">Tournament
report</a>. }

1. e4 c6 2. c4 d5 3. exd5 cxd5 4. cxd5 Nf6 5. Nc3 Nxd5 6. Nf3 e6 7. Bc4 Be7
8. O-O O-O 9. d4 Nc6 10. Re1 b6 11. Nxd5 exd5 12. Bb5 Bd7 13. Qa4 Rc8 14.
Bf4 a6 15. Bxc6 Bxc6 16. Qxa6 g5 17. Bd2 f6 18. h3 Bd6 19. Rac1 Ra8 20. Qd3
Be8 21. Qb3 Kg7 22. a3 Ba4 23. Qa2 Bb5 24. Kh1 Bc4 25. Qb1 Qd7 26. Bb4 Bxb4
27. axb4 Rfe8 28. Qc2 Rxe1+ 29. Rxe1 Re8 30. Qc1 Re6 31. Kg1 Qe7 32. Qd2
Kf7 33. Rxe6 Qxe6 34. Ne1 Qe2 35. Qxe2 Bxe2 36. f3 f5 37. Kf2 Bc4 38. g3
Kf6 39. Ng2 Bd3 40. Ne3 Ke6 41. f4 gxf4 42. gxf4 h6 43. Kg3 Be2 44. Kf2 Bd3
45. Nd1 Bc2 46. Nc3 Kd6 47. Kg3 Be4 48. b5 Bh1 49. Na2 Be4 50. Nb4 Ke6 51.
b3 Kd6 52. Kh4 Bf3 53. Nc6 Ke6 54. Ne5 Be2 55. b4 Bd1 56. Nd3 Be2 57. Nb2
Kd6 58. Na4 Kc7 59. Kg3 Bd3 60. Nc3 Be4 61. Kh4 Bf3 62. Nb1 Kd6 63. Kg3 Be4
64. Nc3 Kc7 65. Kf2 Kd6 66. Ke3 Bg2 67. h4 Be4 68. Ne2 Ke6 69. Kd2 Bf3 70.
Nc1 Be4 71. Kc3 Bg2 72. Nd3 Bf1 73. Nc5+ $4 { &ldquo;Playing for the
loss.&rdquo; } 73... bxc5 $19 74. bxc5 Bxb5 75. Kb4 Be8 76. Ka5 Kd7 77. Kb6
Kc8 78. c6 Bf7 79. c7 Be8 80. Kc5 Kxc7 81. Kxd5 Bh5 82. Ke6 Bg4 $2 (82...
Kd8 $1 { (only move) wins. }) 83. Ke7 Kc6 84. Ke6 Kc7 85. Ke7 Kc6 1/2-1/2

[Event "Irish Championship 2021"]
[Site "Dublin IRL"]
[Date "2021.08.02"]
[Round "3.3"]
[White "Baburin, Alexander"]
[Black "O'Donnell, Conor"]
[Result "1/2-1/2"]
[WhiteTitle "GM"]
[BlackTitle "FM"]
[WhiteElo "2416"]
[BlackElo "2331"]
[WhiteICU "2369"]
[BlackICU "2311"]
[WhiteClub "Kilkenny"]
[BlackClub "Gonzaga"]
[WhiteNationality "IRL"]
[BlackNationality "IRL"]
[WhiteFideId "2500914"]
[BlackFideId "2504243"]
[PlyCount "82"]
[Venue "Colaiste Eanna"]
[EventDate "2021.07.31"]

{ Event information: <a
href="https://www.irlchess.com/irlch2021_allfiles/pairings_irlch2021.html">Tournament
report</a>. }

1. d4 Nf6 2. Nf3 d5 3. Bf4 c5 4. e3 Nc6 5. c3 Qb6 6. Qb3 c4 7. Qc2 Bf5 8.
Qc1 e6 9. Nbd2 Nh5 10. b3 cxb3 11. axb3 Nxf4 12. exf4 Bd6 13. g3 O-O 14.
Be2 f6 15. O-O Rac8 16. Qb2 e5 17. dxe5 fxe5 18. fxe5 Nxe5 19. Nd4 Bg6 20.
N2f3 Rf6 21. Rad1 Rcf8 22. Nxe5 Bxe5 23. Bd3 Bh5 24. Be2 Bg6 25. Bd3 Bxd4
26. cxd4 Bh5 27. Be2 Bxe2 28. Qxe2 Qxb3 29. Rb1 Qa4 30. Rxb7 Qxd4 31. Qa2
R6f7 32. Rxf7 Rxf7 33. Re1 g6 34. Re2 Qc4 35. Re8+ Rf8 36. Rxf8+ Kxf8 37.
Qxa7 Kg8 38. Qb8+ Kg7 39. Qa7+ Kg8 40. Qb8+ Kg7 41. Qa7+ Kg8 1/2-1/2

[Event "Irish Championship 2021"]
[Site "Dublin IRL"]
[Date "2021.08.02"]
[Round "3.4"]
[White "Kanyamarala, Tarun"]
[Black "Putar, Leon"]
[Result "1-0"]
[WhiteTitle "FM"]
[WhiteElo "2369"]
[BlackElo "1918"]
[WhiteICU "2296"]
[BlackICU "1901"]
[WhiteClub "Balbriggan"]
[BlackClub "St. Benildus"]
[WhiteNationality "IRL"]
[BlackNationality "IRL"]
[WhiteFideId "45004714"]
[BlackFideId "14546612"]
[PlyCount "55"]
[Venue "Colaiste Eanna"]
[EventDate "2021.07.31"]

{ Event information: <a
href="https://www.irlchess.com/irlch2021_allfiles/pairings_irlch2021.html">Tournament
report</a>. }

1. e4 e6 2. d3 d5 3. Nd2 Nf6 4. Ngf3 c5 5. g3 Nc6 6. Bg2 dxe4 7. dxe4 e5 8.
O-O Bg4 9. h3 Bh5 10. c3 Be7 11. Nc4 Qxd1 12. Rxd1 O-O 13. Re1 Bxf3 14.
Bxf3 b5 15. Ne3 g6 16. Nd5 Rfd8 17. Be3 c4 18. a4 Rab8 19. axb5 Rxb5 20.
Nxe7+ Nxe7 21. Rxa7 Kf8 22. Bh6+ Ke8 23. Bd1 Rb6 24. Ba4+ Nc6 25. Be3 Rxb2
26. Bxc6+ Kf8 27. Bg5 Rd6 28. Bh6+ 1-0

[Event "Irish Championship 2021"]
[Site "Dublin IRL"]
[Date "2021.08.02"]
[Round "3.5"]
[White "Moran, Darragh"]
[Black "Daly, Colm"]
[Result "0-1"]
[BlackTitle "FM"]
[WhiteElo "1859"]
[BlackElo "2285"]
[WhiteICU "1838"]
[BlackICU "2261"]
[WhiteClub "Gonzaga"]
[BlackClub "Bray/Greystones"]
[WhiteNationality "IRL"]
[BlackNationality "IRL"]
[WhiteFideId "2510294"]
[BlackFideId "2500434"]
[PlyCount "52"]
[Venue "Colaiste Eanna"]
[EventDate "2021.07.31"]

{ Event information: <a
href="https://www.irlchess.com/irlch2021_allfiles/pairings_irlch2021.html">Tournament
report</a>. }

1. d4 Nf6 2. c4 e6 3. Nf3 d5 4. Nc3 c6 5. e3 Nbd7 6. Qc2 Bd6 7. b3 O-O 8.
Be2 Re8 9. O-O a6 10. Bb2 dxc4 11. Bxc4 b5 12. Be2 Bb7 13. Rfd1 Qc7 14. g3
c5 15. dxc5 Nxc5 16. Rac1 Rac8 17. Ne1 Qb8 18. Bf3 Be7 19. Qe2 Bxf3 20.
Nxf3 h6 21. Nd4 Red8 22. Rc2 Qb7 23. Rdc1 Bf8 24. Qf3 Qxf3 25. Nxf3 Nd3 26.
Nd5 Nxc1 0-1

[Event "Irish Championship 2021"]
[Site "Dublin IRL"]
[Date "2021.08.02"]
[Round "3.6"]
[White "O'Connor, Jonathan"]
[Black "Kanyamarala, Trisha"]
[Result "0-1"]
[BlackTitle "WIM"]
[WhiteElo "2153"]
[BlackElo "2180"]
[WhiteICU "2124"]
[BlackICU "2178"]
[WhiteClub "Dublin"]
[BlackClub "Balbriggan"]
[WhiteNationality "IRL"]
[BlackNationality "IRL"]
[WhiteFideId "2501112"]
[BlackFideId "45004722"]
[PlyCount "104"]
[Venue "Colaiste Eanna"]
[EventDate "2021.07.31"]

{ Event information: <a
href="https://www.irlchess.com/irlch2021_allfiles/pairings_irlch2021.html">Tournament
report</a>. }

1. e4 c5 2. Nc3 Nc6 3. Bb5 Nd4 4. Nf3 a6 5. Bd3 Nc6 6. O-O d6 7. h3 Nf6 8.
Re1 e6 9. Bf1 Be7 10. d3 O-O 11. Ne2 Qc7 12. Ng3 b5 13. c3 Bb7 14. d4 Rfd8
15. a3 Rac8 16. Be3 Na5 17. Nd2 cxd4 18. cxd4 Nc4 19. Rc1 Qb8 20. Bxc4 bxc4
21. Qc2 d5 22. e5 Nd7 23. Nf3 c3 24. bxc3 Bxa3 25. Rb1 Bf8 26. Ng5 g6 27.
h4 Rc6 28. h5 Qc8 29. Qe2 Nb6 30. Qg4 Qd7 31. Qh4 Qe7 32. Qg4 Rb8 33. Nxh7
Kxh7 34. Bg5 Qd7 35. Qh4 Kg8 36. Re3 Nc8 37. Kh2 Ne7 38. hxg6 fxg6 39. Rh1
Nf5 40. Nxf5 exf5 41. Kg3 $2 (41. Kg1 $18) 41... Bg7 $10 42. Qh7+ Kf7 43.
Bf6 $2 Rxf6 $19 44. exf6 Kxf6 45. Rhe1 f4+ 46. Kxf4 Qf5+ 47. Kg3 Rh8 48.
Qxg7+ Kxg7 49. Re7+ Kf6 50. Rxb7 Qg5+ 51. Kf3 Rh4 52. Ra1 Qh5+ 0-1

[Event "Irish Championship 2021"]
[Site "Dublin IRL"]
[Date "2021.08.02"]
[Round "3.7"]
[White "Tirziman, Rudolf"]
[Black "Murray, David"]
[Result "1-0"]
[WhiteElo "1941"]
[BlackElo "2142"]
[BlackICU "2125"]
[WhiteClub "Blanchardstown"]
[BlackClub "Gonzaga"]
[WhiteNationality "IRL"]
[BlackNationality "IRL"]
[WhiteFideId "2508664"]
[BlackFideId "2501511"]
[PlyCount "131"]
[Venue "Colaiste Eanna"]
[EventDate "2021.07.31"]

{ Event information: <a
href="https://www.irlchess.com/irlch2021_allfiles/pairings_irlch2021.html">Tournament
report</a>. }

1. d4 Nf6 2. c4 c5 3. d5 b5 4. cxb5 a6 5. bxa6 Bxa6 6. Nc3 g6 7. Nf3 d6 8.
e4 Bxf1 9. Kxf1 Bg7 10. g3 O-O 11. Kg2 Qb6 12. Nd2 Nfd7 13. Nc4 Qb4 14. Qd3
Ne5 15. Nxe5 Bxe5 16. h4 Nd7 17. h5 Nf6 18. hxg6 fxg6 19. Re1 Nd7 20. Re2
c4 21. Qe3 Nc5 22. f4 Bg7 23. Rc2 Nd3 24. Qe2 g5 25. f5 h6 26. Bd2 Qb7 27.
Nd1 Rfc8 28. Bc3 Be5 29. Qh5 Rxa2 30. Rxa2 Qb3 31. Qg6+ Kf8 32. Qxh6+ Ke8
33. Qg6+ Kf8 34. Qh6+ Ke8 35. Qg6+ Kf8 36. Rd2 Qxa2 37. Bxe5 Nxe5 38. Qxg5
Qb1 39. Qe3 Kf7 40. Nf2 c3 41. bxc3 Nc4 42. Qh6 Nxd2 43. Qe6+ Kf8 44. Qxc8+
Kg7 45. f6+ exf6 46. Qg4+ Kf8 47. Qf4 Qf1+ 48. Kh2 Qe2 49. Qxf6+ Kg8 50.
Qg6+ Kh8 51. Qe8+ Kg7 52. Qd7+ Kf8 53. Qxd6+ Ke8 54. Qe6+ Kf8 55. Qf6+ Kg8
56. Qg5+ Kf7 57. Qf4+ Ke8 58. d6 Nf3+ 59. Kg2 Ne1+ 60. Kh3 Qf1+ 61. Kg4
Qe2+ 62. Kf5 Ng2 63. Qe5+ Kf7 64. Qe7+ Kg8 65. Kg6 Qxf2 66. Qg7# 1-0

[Event "Irish Championship 2021"]
[Site "Dublin IRL"]
[Date "2021.08.02"]
[Round "3.9"]
[White "Venkatesan, Kavin"]
[Black "Goss, Alex"]
[Result "1-0"]
[WhiteElo "2011"]
[BlackElo "1833"]
[WhiteICU "2032"]
[BlackICU "1750"]
[WhiteClub "St. Benildus"]
[BlackClub "U.C.D."]
[WhiteNationality "IRL"]
[BlackNationality "IRL"]
[WhiteFideId "2512602"]
[BlackFideId "2509407"]
[PlyCount "39"]
[Venue "Colaiste Eanna"]
[EventDate "2021.07.31"]

{ Event information: <a
href="https://www.irlchess.com/irlch2021_allfiles/pairings_irlch2021.html">Tournament
report</a>. }

1. d4 Nf6 2. c4 e6 3. Nc3 c5 4. d5 exd5 5. cxd5 d6 6. Nf3 g6 7. Nd2 Bg7 8.
Nc4 O-O 9. Bf4 Ne8 10. Qd2 f5 11. h4 h5 12. Nb5 a6 13. Nbxd6 b5 14. Nxe8
Rxe8 15. Nd6 Re5 $4 16. Bxe5 Bxe5 17. Nxc8 Bc7 18. O-O-O Ba5 19. Qg5 Qxc8
20. Qxg6+ 1-0

[Event "Irish Championship 2021"]
[Site "Dublin IRL"]
[Date "2021.08.02"]
[Round "3.10"]
[White "Putar, Lara"]
[Black "Fox, Anthony"]
[Result "1/2-1/2"]
[WhiteElo "1930"]
[BlackElo "2005"]
[WhiteICU "1969"]
[BlackICU "2007"]
[WhiteClub "St. Benildus"]
[BlackClub "Dun Laoghaire"]
[WhiteNationality "IRL"]
[BlackNationality "IRL"]
[WhiteFideId "14546604"]
[BlackFideId "2500736"]
[PlyCount "51"]
[Venue "Colaiste Eanna"]
[EventDate "2021.07.31"]

{ Event information: <a
href="https://www.irlchess.com/irlch2021_allfiles/pairings_irlch2021.html">Tournament
report</a>. }

1. d4 d5 2. c4 e6 3. Nf3 Nf6 4. g3 Be7 5. Bg2 O-O 6. O-O dxc4 7. Qc2 a6 8.
a4 Bd7 9. Qxc4 Bc6 10. Bf4 a5 11. Nc3 Na6 12. Rac1 Nb4 13. Bd2 Rc8 14. Rfd1
h6 15. Ne5 Bxg2 16. Kxg2 c6 17. e4 Qc7 18. Qe2 Rfd8 19. Bf4 Qb6 20. Be3 Qa6
21. Qxa6 Nxa6 22. Nc4 Bb4 23. Bf4 Nh5 24. Be3 Nf6 25. Bf4 Nh5 26. Be3
1/2-1/2

[Event "Irish Championship 2021"]
[Site "Dublin IRL"]
[Date "2021.08.02"]
[Round "3.11"]
[White "Harding, Tim"]
[Black "Scott, Luke"]
[Result "1/2-1/2"]
[WhiteTitle "CM"]
[WhiteElo "2003"]
[BlackElo "1906"]
[WhiteICU "1955"]
[BlackICU "1959"]
[WhiteClub "T.C.D."]
[BlackClub "Ballyroan"]
[WhiteNationality "IRL"]
[BlackNationality "IRL"]
[WhiteFideId "2500256"]
[BlackFideId "2507986"]
[PlyCount "86"]
[Venue "Colaiste Eanna"]
[EventDate "2021.07.31"]

{ Event information: <a
href="https://www.irlchess.com/irlch2021_allfiles/pairings_irlch2021.html">Tournament
report</a>. }

1. e4 e6 2. d4 d5 3. Nc3 Nf6 4. e5 Nfd7 5. f4 c5 6. Nf3 Nc6 7. Be3 a6 8.
Qd2 b5 9. dxc5 Bxc5 10. Bd3 Qb6 11. Bf2 O-O 12. O-O h6 13. Rae1 Ra7 14. f5
Bxf2+ 15. Qxf2 Qxf2+ 16. Rxf2 Nc5 17. fxe6 Bxe6 18. Bf1 b4 19. Nb1 Ne4 20.
Rfe2 a5 21. Nbd2 Nc5 22. Nb3 Na4 23. Rb1 Nb6 24. Nbd4 Nxd4 25. Nxd4 Rc7 26.
Ree1 Nc4 27. Bd3 a4 28. Bxc4 Rxc4 29. Rbd1 Rfc8 30. Re3 Ra8 31. h3 Kf8 32.
Kf2 Ke7 33. Rg3 g6 34. Rgd3 Rac8 35. Ke3 h5 36. Rf1 Rxd4 37. Rxd4 Rxc2 38.
Rxb4 Rxg2 39. h4 a3 40. Rf2 Rg3+ 41. Rf3 Rg2 42. Rf2 Rg3+ 43. Rf3 Rg2
1/2-1/2

[Event "Irish Championship 2021"]
[Site "Dublin IRL"]
[Date "2021.08.02"]
[Round "3.12"]
[White "O'Gorman, Alice"]
[Black "Murphy, Sean J."]
[Result "0-1"]
[WhiteElo "1907"]
[BlackElo "1990"]
[WhiteICU "1882"]
[BlackICU "2020"]
[WhiteClub "T.C.D."]
[BlackClub "Cork"]
[WhiteNationality "IRL"]
[BlackNationality "IRL"]
[WhiteFideId "2508214"]
[BlackFideId "2512742"]
[PlyCount "46"]
[Venue "Colaiste Eanna"]
[EventDate "2021.07.31"]
[BlackFullName "Murphy, Se&aacute;n J."]

{ Event information: <a
href="https://www.irlchess.com/irlch2021_allfiles/pairings_irlch2021.html">Tournament
report</a>. }

1. e4 e5 2. Nf3 Nc6 3. Bc4 Bc5 4. O-O Nf6 5. d3 a6 6. c3 Ba7 7. Bb3 d6 8.
Nbd2 h6 9. Re1 g5 10. d4 g4 11. dxe5 gxf3 12. exf6 fxg2 13. Bxf7+ $4 (13.
e5 $5 Nxe5 14. Qf3 { is unclear, about equal. }) 13... Kxf7 $19 14. Qh5+
Kxf6 15. e5+ Nxe5 16. Nc4 Bg4 17. Qh4+ Kg7 18. Qg3 Nf3+ 19. Kxg2 Nxe1+ 20.
Kf1 Qd7 21. Bf4 Kh7 22. Rxe1 Bh3+ 23. Ke2 Qg4+ 0-1

[Event "Irish Championship 2021"]
[Site "Dublin IRL"]
[Date "2021.08.02"]
[Round "3.13"]
[White "O'Flaherty, Kevin"]
[Black "Cafolla, Peter"]
[Result "0-1"]
[WhiteElo "1884"]
[BlackElo "1958"]
[WhiteICU "1818"]
[BlackICU "1914"]
[WhiteClub "Univ. of Limerick"]
[BlackClub "Rathmines"]
[WhiteNationality "IRL"]
[BlackNationality "IRL"]
[WhiteFideId "2502283"]
[BlackFideId "2500884"]
[PlyCount "118"]
[Venue "Colaiste Eanna"]
[EventDate "2021.07.31"]

{ Event information: <a
href="https://www.irlchess.com/irlch2021_allfiles/pairings_irlch2021.html">Tournament
report</a>. }

1. d4 d5 2. c4 e6 3. Nc3 c5 4. cxd5 exd5 5. Nf3 Nc6 6. dxc5 d4 7. Na4 Bxc5
8. Nxc5 Qa5+ 9. Bd2 Qxc5 10. b4 Nxb4 11. Rc1 Qd6 12. e3 dxe3 13. Bc3 Nd5
14. Bc4 Nge7 15. fxe3 Qd8 16. Bxg7 Qa5+ 17. Kf2 Rg8 18. Bd4 Be6 19. Qb3 Rc8
20. Rhd1 Nc6 21. Bf6 Nxf6 22. Bxe6 Rc7 23. Bc4 Qf5 24. Kg1 Qg4 25. Qb2 Qxf3
26. Rf1 Qe4 27. Rc2 Nd5 28. Bxd5 Qxd5 29. e4 Qg5 30. Rcf2 Qe5 31. Qb3 Rg7
32. Qh3 Nd4 33. Rd1 f6 34. Qh6 Rgf7 35. Qe3 Nc6 36. Rd5 Qa1+ 37. Rf1 Qxa2
38. Rd2 Qa5 39. Rd5 Qb6 40. Qxb6 axb6 41. Rb5 Rce7 42. Rxb6 Rxe4 43. Rfb1
Nd8 44. Kf2 Re6 45. R6b2 Rd7 46. g3 Kf7 47. Kf3 Rd4 48. Rc1 Red6 49. h4 Kg6
50. Rc7 Rd7 51. Rc5 h5 52. Rb6 Rd2 53. Rg5+ Kf7 54. Rxh5 R7d6 55. Rb1 R2d5
56. Rh7+ Kg8 57. Re7 b5 58. Rb4 Nc6 59. Rg4+ Kf8 0-1

[Event "Irish Championship 2021"]
[Site "Dublin IRL"]
[Date "2021.08.02"]
[Round "3.14"]
[White "Doyle, Tony"]
[Black "Duffy, Seamus"]
[Result "1/2-1/2"]
[WhiteElo "2206"]
[BlackElo "1945"]
[WhiteICU "2046"]
[BlackICU "1872"]
[BlackClub "Dun Laoghaire"]
[WhiteNationality "IRL"]
[BlackNationality "IRL"]
[WhiteFideId "2500329"]
[BlackFideId "2501708"]
[PlyCount "90"]
[Venue "Colaiste Eanna"]
[EventDate "2021.07.31"]
[BlackFullName "Duffy, S&eacute;amus"]

{ Event information: <a
href="https://www.irlchess.com/irlch2021_allfiles/pairings_irlch2021.html">Tournament
report</a>. }

1. Nf3 Nc6 2. d4 d5 3. Bf4 Bf5 4. c3 Qd7 5. e3 a6 6. Be2 e6 7. Nbd2 Bd6 8.
Ne5 Bxe5 9. dxe5 Nge7 10. g4 Bg6 11. h4 f6 12. h5 Bf7 13. Nf3 h6 14. Qc2
O-O-O 15. O-O-O fxe5 16. Nxe5 Nxe5 17. Bxe5 Rhg8 18. Bg3 c6 19. Qa4 c5 20.
Qa5 Qc6 21. Kb1 Kd7 22. b4 c4 23. Rd4 b6 24. Qxa6 Ra8 25. Qxc4 Qb7 26. Qb3
b5 27. Rhd1 Rgc8 28. R4d2 Ke8 29. Be5 g6 30. hxg6 Nxg6 31. Bg7 e5 32. Rc1
d4 33. c4 Bxc4 34. Bxc4 bxc4 35. Rxc4 Qxg7 36. Rxc8+ Rxc8 37. Qe6+ Ne7 38.
exd4 exd4 39. Rc2 Qh7 40. Qb3 Rc3 41. Qa4+ Kf7 42. Kb2 Qd3 43. f4 Qd1 44.
b5 Rxc2+ 45. Qxc2 Qxg4 1/2-1/2

[Event "Irish Championship 2021"]
[Site "Dublin IRL"]
[Date "2021.08.02"]
[Round "3.15"]
[White "Murray, Sam"]
[Black "Burke, Kevin"]
[Result "1/2-1/2"]
[WhiteElo "1621"]
[BlackElo "1883"]
[WhiteICU "1608"]
[BlackICU "1781"]
[WhiteClub "Gonzaga"]
[BlackClub "St. Benildus"]
[WhiteNationality "IRL"]
[BlackNationality "IRL"]
[WhiteFideId "2508958"]
[BlackFideId "2501520"]
[PlyCount "87"]
[Venue "Colaiste Eanna"]
[EventDate "2021.07.31"]

{ Event information: <a
href="https://www.irlchess.com/irlch2021_allfiles/pairings_irlch2021.html">Tournament
report</a>. }

1. e4 e6 2. b3 d5 3. Bb2 Nf6 4. e5 Nfd7 5. f4 c5 6. Qg4 Nc6 7. Nf3 a6 8.
Be2 b5 9. O-O g6 10. Nc3 Bg7 11. Ng5 Nb6 12. Rae1 Nd4 13. Bd1 h6 14. Nf3 h5
15. Qg5 Nxf3+ 16. Bxf3 Bb7 17. Qg3 b4 18. Ne2 Nc8 19. d4 Qc7 20. dxc5 Qxc5+
21. Nd4 Ne7 22. Kh1 h4 23. Qf2 Rc8 24. Rc1 Qa5 25. Ra1 Nc6 26. Qd2 Bf8 27.
Rfc1 Bc5 28. c4 bxc3 29. Bxc3 Bb4 30. Nxc6 Bxc3 31. Qxc3 Qxc3 32. Rxc3 Rxc6
33. Rac1 Kd7 34. Be2 h3 35. Rxc6 hxg2+ 36. Kg1 Bxc6 37. Kxg2 Rb8 38. Kg3 a5
39. Rc5 a4 40. Bd1 axb3 41. Bxb3 Rb4 42. Rc2 d4 43. Rc4 Rxc4 44. Bxc4
1/2-1/2